Guess the Harry Potter Movies by Scene #46 - Statistics

General Stats
  • This quiz has been taken 99 times
  • The average score is 18 of 20
Answer Stats
Picture Answer % Correct
Philosopher's Stone
100%
Goblet of Fire
96%
Philosopher's Stone
96%
Chamber of Secrets
91%
Chamber of Secrets
91%
Goblet of Fire
91%
Half-Blood Prince
91%
Philosopher's Stone
91%
Prisoner of Azkaban
91%
Chamber of Secrets
87%
Deathly Hallows – Part 1
87%
Goblet of Fire
87%
Prisoner of Azkaban
87%
Chamber of Secrets
83%
Goblet of Fire
83%
Order of the Phoenix
83%
Philosopher's Stone
83%
Deathly Hallows – Part 2
78%
Half-Blood Prince
78%
Order of the Phoenix
78%
No matching quizzes found
Score Distribution
Percent of People with Each Score
Percentile by Number Answered
Your Score History
You have not taken this quiz